Normal view MARC view
  • Pearce, John A.

Entry Personal Name

Number of records used in: 4

001 - CONTROL NUMBER

  • control field: 6721

003 - CONTROL NUMBER IDENTIFIER

  • control field: OSt

005 - DATE AND TIME OF LATEST TRANSACTION

  • control field: 20170522111745.0

008 - FIXED-LENGTH DATA ELEMENTS

  • fixed length control field: 170522|| aca||aabn | a|a d

040 ## - CATALOGING SOURCE

  • Original cataloging agency: OSt
  • Transcribing agency: OSt

100 ## - HEADING--PERSONAL NAME

  • Personal name: Pearce, John A.

670 ## - SOURCE DATA FOUND

  • Source citation: Work cat.: (OSt): Pearce, John A., Strategic management, 1985.
Pusat Sumber Maklumat Dato' Haji Sarmin Md Hussin, Akademi Kastam Diraja Malaysia, Melaka
Tel: 06-2331106 | Faks: 06-2313787